• 首页
  • 本馆介绍
  • 公告通知
  • 最新文献
  • 馆藏检索
  • 电子资源
  • 读者导购
  • 参考咨询
  • 我的图书馆
  • 登录
  • 详细信息显示
  • 放入我的书架
  • 预约/预借图书
  • 作者相关作品
  • 分类相关作品
  • 丛书相关作品
  • 出版社相关作品

书目信息

  • 表格格式
  • 工作单格式
  • 卡片格式
题名:
一元微积分双基训练
    
 
作者: 翟连林 主编
分册:  
出版信息: 北京   中国农业机械出版社  1983
页数: 360页
开本: 19cm
丛书名: 数学自学丛书
单 册:
中图分类: O172-44 , G633.6
科图分类:
主题词: 微积分--习题 , 教育--各级
电子资源:
ISBN:
000 00766nam2 2200289 45
001 0183012244
005 20040430085441.8
010    @dCNY1.10
091    @a7215.59
100    @a19950706d1983 em y0chiy0121 ea
101 0  @achi
102    @aCN@b110000
105    @ay z 000yy
106    @ar
200 10 @a一元微积分双基训练@Ayi yuan wei ji fen shuang ji xun lian@f翟连林主编
210    @a北京@c中国农业机械出版社@d1983
215    @a360页@d19cm
225 2  @a数学自学丛书
410  0 @120010@a数学自学丛书
606    @a微积分@x习题
606 0  @a教育@x各级
690    @aO172-44@v3
690    @aG633.6
701  0 @a翟连林@Azhai lian lin@4主编
801  0 @aCN@b上海图书馆@c20040430
801  2 @aCN@bNLC@c20040430
905    @f4@b91960-963@dG633.6@e47
    
    一元微积分双基训练/翟连林主编.-北京:中国农业机械出版社,1983
    360页;19cm.-(数学自学丛书)
    
    
    ISBN :CNY1.10
    
●
相关链接 在E读中查询图书 在五车中查询图书 在当当中查询图书 在豆瓣中查询图书


正题名:一元微积分双基训练     索取号:G633.6/47         预约/预借

序号 登录号 条形码 馆藏地/架位号 状态 备注
1 0091960   000249314   密集书库/ [索取号:G633.6/47] 在馆    
2 0091961   000249323   密集书库/ [索取号:G633.6/47] 在馆    
3 0091962   000250070   密集书库/ [索取号:G633.6/47] 在馆    
4 0091963   000250089   密集书库/ [索取号:G633.6/47] 在馆    
5 0091964   202435819   第一样本阅览室/ [索取号:G633.6/47] 在馆    
唐山师范学院图书馆 欢迎您!
大连网信软件有限公司© 版权所有